000 00413nam a2200145 a 4500
001 000033302
005 20200930070149.0
008 110823s1934 dr 000 0 spa d
040 _aDO-SdBNP
_bspa
_cBNPHU
100 1 _aCadilla, Carmen Alicia
_958905
245 1 0 _aCanciones en flauta blanca /
_cCarmen Alicia Cadilla.
260 _aSanto Domingo :
_b[s.n.],
_c1934.
300 _a116 p. ;
_c16 cm.
049 _aBNPD
999 _c32793
_d32793